<?xml version="1.0" encoding="UTF-8"?><marc:collection xmlns:marc="http://www.loc.gov/MARC21/slim">
  <marc:record>
    <marc:leader>00000nam##2200000za#4500</marc:leader>
    <marc:controlfield tag="001">9.679519</marc:controlfield>
    <marc:controlfield tag="003">CaOODSP</marc:controlfield>
    <marc:controlfield tag="005">20220107134006</marc:controlfield>
    <marc:controlfield tag="007">ta</marc:controlfield>
    <marc:controlfield tag="008">150407|1995||||xxc|||||     f|0| 0 fre|d</marc:controlfield>
    <marc:datafield tag="020" ind1=" " ind2=" ">
      <marc:subfield code="a">0-662-80311-6</marc:subfield>
    </marc:datafield>
    <marc:datafield tag="040" ind1=" " ind2=" ">
      <marc:subfield code="a">CaOODSP</marc:subfield>
      <marc:subfield code="b">fre</marc:subfield>
    </marc:datafield>
    <marc:datafield tag="043" ind1=" " ind2=" ">
      <marc:subfield code="a">n-cn---</marc:subfield>
    </marc:datafield>
    <marc:datafield tag="086" ind1="1" ind2=" ">
      <marc:subfield code="a">H72-21/136-1995F</marc:subfield>
    </marc:datafield>
    <marc:datafield tag="110" ind1="2" ind2=" ">
      <marc:subfield code="a">Centre national d'information sur la violence dans la famille (Canada)</marc:subfield>
    </marc:datafield>
    <marc:datafield tag="245" ind1="1" ind2="0">
      <marc:subfield code="a">Guide sur la violence familiale à l'intention des spécialistes de la dentisterie / </marc:subfield>
      <marc:subfield code="c">Préparé par Donna Denham et Joan Gillespie. Publié par la Division de la santé mentale et la Division des systèmes de services de santé, Direction des services de santé. </marc:subfield>
    </marc:datafield>
    <marc:datafield tag="260" ind1=" " ind2=" ">
      <marc:subfield code="a">Ottawa - Ontario : </marc:subfield>
      <marc:subfield code="b">Santé Canada. </marc:subfield>
      <marc:subfield code="c">1995.</marc:subfield>
    </marc:datafield>
    <marc:datafield tag="300" ind1=" " ind2=" ">
      <marc:subfield code="a">iii, 57p. : </marc:subfield>
      <marc:subfield code="b">références ; </marc:subfield>
      <marc:subfield code="c">28 cm.</marc:subfield>
    </marc:datafield>
    <marc:datafield tag="500" ind1=" " ind2=" ">
      <marc:subfield code="a">«Le présent guide a été rédigé précisément à l'intention des membres des professions de la dentisterie afin: de les sensibiliser à l'existence du problème de la violence familiale chez les personnes qu'ils soignent et celles qu'ils côtoient dans le milieu professionnel; de leur faire mieux comprendre certains aspects fondamentaux de la violence familiale, d'accroître leur capacité de dépistage et d'aiguillage des victimes, de leur faire part des contributions possibles des membres de l'équipe dentaire, des particuliers et des associations professionnelles à la résolution du problème de la violence familiale.»--Page 2.</marc:subfield>
    </marc:datafield>
    <marc:datafield tag="520" ind1="3" ind2=" ">
      <marc:subfield code="a">Le présent guide a été rédigé précisément à l'intention des membres des professions de la dentisterie afin: de les sensibiliser à l'existence du problème de la violence familiale chez les personnes qu'ils soignent et celles qu'ils côtoient dans le milieu professionnel; de leur faire mieux comprendre certains aspects fondamentaux de la violence familiale, d'accroître leur capacité de dépistage et d'aiguillage des victimes, de leur faire part des contributions possibles des membres de l'équipe dentaire, des particuliers et des associations professionnelles à la résolution du problème de la violence familiale.--Page 2</marc:subfield>
    </marc:datafield>
    <marc:datafield tag="563" ind1=" " ind2=" ">
      <marc:subfield code="a">Couverture souple</marc:subfield>
    </marc:datafield>
    <marc:datafield tag="590" ind1=" " ind2=" ">
      <marc:subfield code="a">95-37</marc:subfield>
      <marc:subfield code="b">1995-09-15</marc:subfield>
    </marc:datafield>
    <marc:datafield tag="691" ind1="0" ind2="7">
      <marc:subfield code="a">Violence familiale</marc:subfield>
      <marc:subfield code="2">gcpds</marc:subfield>
    </marc:datafield>
    <marc:datafield tag="691" ind1="0" ind2="7">
      <marc:subfield code="a">Hygiène dentaire</marc:subfield>
      <marc:subfield code="2">gcpds</marc:subfield>
    </marc:datafield>
    <marc:datafield tag="720" ind1="1" ind2=" ">
      <marc:subfield code="a">Denham, Donna</marc:subfield>
    </marc:datafield>
    <marc:datafield tag="720" ind1="1" ind2=" ">
      <marc:subfield code="a">Gillespie, Joan</marc:subfield>
    </marc:datafield>
    <marc:datafield tag="775" ind1="0" ind2="8">
      <marc:subfield code="t">Family violence handbook for the dental community / </marc:subfield>
      <marc:subfield code="w">(CaOODSP)9.645902</marc:subfield>
    </marc:datafield>
  </marc:record>
</marc:collection>
